La libertad creadora /

Guardado en:
Autor Principal: Korn, Alejandro
Formato: Libro
Publicado: Buenos Aires : Claridad, 1936
Materias:
Etiquetas: Agregar Etiqueta
Sin Etiquetas, Sea el primero en etiquetar este registro!
LEADER 00523nam a22001695a 4500
001 EHU.bham023949
003 AR-BHAM
005 20070320150607.0
008 130507s1936##################000#0#####d
082 1 9 |a 199.8 
100 1 |a Korn, Alejandro 
245 1 0 |a La libertad creadora /  |c Alejandro Korn 
260 |a Buenos Aires :  |b Claridad,  |c 1936 
300 |a 173 p. 
653 |a Filosofia 
859 |a AR-BHAM  |b BIB. HUMANIDADES - General  |h 199.8  |i K842-2  |p 108.02  |t Ej.1 
859 |a AR-BHAM  |b BIB. HUMANIDADES - General  |h 199.8  |i K842-2  |p 477.01  |t Ej.1